| Record ID | ia:confessionsofcra0000dick |
| Source | Internet Archive |
| Download MARC XML | https://archive.org/download/confessionsofcra0000dick/confessionsofcra0000dick_marc.xml |
| Download MARC binary | https://www.archive.org/download/confessionsofcra0000dick/confessionsofcra0000dick_meta.mrc |
LEADER: 00629nam a2200169 i 4500
001 78105009
003 DLC
005 19780911000000.0
008 780831c19781975cau 00011 eng
010 $a 78105009
020 $a0960142827 :$c$3.95
050 0 $aPZ4.D547$bCo 1978$aPS3554.I3
082 $a813/.5/4
100 10 $aDick, Philip K.
245 10 $aConfessions of a crap artist--Jack Isidore (of Seville, Calif.) :$ba chronicle of verified scientific fact, 1945-1959 : a novel /$cby Philip K. Dick.
260 0 $aGlen Ellen, CA :$bEntwhistle Books ;$aBerkeley, CA :$bdistributed by Bookpeople,$c1978, c1975.
300 $ax, 171 p. ;$c22 cm.